000 01392nam a2200349 c 4500
003 BLK
005 20181123171228.0
008 180407b bul|||||r ||||||| ||bul||
010 _aKNG00034681000
020 _a954-527-152-3
_bиздат.: Дамян Яков
040 _aBLK
041 _aBUL
_cBUL
080 _aФинландска литература
_b821.511.111
_x-93-31
_z821.511.111-93-31
100 1 _aЯнсон, Туве
_eпърви автор
_9365645
700 1 _aПетров, Пламен
_eпрев.
_9365416
700 1 _aЯнсон, Туве
_eил.
_9365645
139 _aЯнсон, Туве
_bЯ 67
245 1 0 _aКорабът на вселените
_bМемоарите на татко Мумин : Роман за деца
_cТуве Янсон; прев. Пламен Петров; ил. Туве Янсон.
257 _aFIN
260 София
_bДамян Яков
_c2000
_fВ. Търново : Абагар АД
300 _a152 с.
_bс ил.
_c22 см
380 _aDX
500 _aОриг. загл. Muminpappans memoarer / Tove Jansson. - Офс. изд. - 1 200 тир.
653 _aдетска литература
653 _aлитература за деца
653 _aромани
852 _aЦб 206886
856 4 _qpdf
_u
856 4 _qpdf
_u
942 _cKNG
_n0
_01
944 _aCR
_c15.01.2003
_kЛюдмила_Стоянова
944 _aED
_c21.10.2008
_k
999 _c32012
_d32012